Biblioteca

El papa y el poder civil (Registro nro. 38904)

Detalles MARC
000 -LÍDER
Campo fijo de descripción fija 01203aam a2200289 i 4500
001 - NÚMERO DE CONTROL
Campo de control 768714001
003 - IDENTIFICADOR DEL NÚMERO DE CONTROL
Campo de control CO-MdFUSB
005 - FECHA Y HORA DE LA ULTIMA TRANSACCIÓN
control field 20211203163526.0
007 - CAMPO FIJO DE DESCRIPCIÓN FIJA--INFORMACIÓN GENERAL
Campo fijo de descripción fija ta
008 - ELEMENTOS DE LONGITUD FIJA -- INFORMACIÓN GENERAL
Campo fijo de descripción fija -- Información general 211203txxu xxu |||| |||| 00| 0 spa d
020 ## - NÚMERO INTERNACIONAL NORMALIZADO PARA LIBROS
Número Internacional Normalizado del libro [No incluye ISBN]
040 ## - FUENTE DE CATALOGACIÓN
Idioma de catalogación spa.
Agencia de catalogación original CO-MdFUSB
Agencia que realiza la transcripción CO-MdFUSB
Agencia que realiza la modificación CO-MdFUSBC
Convenciones de la descripción rda
041 ## - CÓDIGO DE IDIOMA
Código de idioma para texto/pista de sonido o título separado spa
082 04 - NÚMERO DE CLASIFICACIÓN DECIMAL DEWEY
Número de clasificación 282
Número de la edición del Dewey 23
Clave de autor-Numero de item G543p
100 1# - ASIENTO PRINCIPAL--NOMBRE PERSONAL
Nombre personal Gladstone, W. E. (1809-1898)
Término relacionador autor
245 13 - TÍTULO
Título del Material El papa y el poder civil
Mención de responsabilidad, etc. / W. E. Gladstone, Felipe Schaff
264 #0 - PRODUCCIÓN, PUBLICACIÓN, DISTRIBUCIÓN, MANUFACTURA, Y COPYRIGHT
Lugar de producción, publicación, distribución, manufactura New York, N.Y., USA :
Nombre del productor, publicador, distribuidor Sociedad Americana de Tratados,
Fecha de producción, publicación, distribución, manufactura, o copyright [Fecha de producción no identificada]
300 ## - DESCRIPCIÓN FÍSICA
Extensión 320 páginas
Dimensiones ; 20 cm
336 ## - TIPO DE CONTENIDO
Término de tipo de contenido texto
Código de tipo de contenido txt
Fuente rdacontent
337 ## - TIPO DE MEDIO
Fuente rdamedia
Nombre del tipo de medio sin mediación
Código del tipo de medio n
338 ## - TIPO DE SOPORTE
Fuente rdacarrier
Nombre del tipo de soporte volumen
Código Tipo de soporte nc
505 ## - NOTA DE CONTENIDO
Nota de contenido con formato preestablecido Los decretos del vaticano examinados bajo el punto de vista de su influencia sobre la fidelidad a los poderes civiles. -- Vaticanismo: respuesta a varias censuras y réplicas. -- Historia del concilio del vaticano. --Syllabus papal de errores. -- Decretos dogmáticos del concilio del vaticano referentes a la fe católica y a la iglesia de Cristo.
563 ## - NOTA DE ENCUADERNACIÓN
Nota de encuadernación Rústico
653 ## - TÉRMINO DE INDIZACIÓN - NO CONTROLADO
Término no controlado Vaticano
942 ## - TIPO DE MATERIAL (KOHA)
Tipo de Item KOHA Libros General
945 ## - INFORMACIÓN LOCAL DEL REGISTRO
Catalogador JTF-925
Existencias
Estado de Material Estado de Perdido Estado de Dañado No para Préstamo Colección Tomo Biblioteca de Origen Biblioteca Permanente Fecha de Adquisición Total de Préstamos Signatura Topográfica Código de Barras Última vez visto Última vez Préstado Ejemplar/Existencia Fecha de Remplazo Tipo de Material
        Colección General   Biblioteca FUSBC Biblioteca FUSBC 17/01/2005 1 G 282 G543p 7207 12/12/2019 25/08/2017 1 26/01/2016 Libros General

Biblioteca FUSBC | Teléfono: (57+4) 349 88 10 Ext. 141| WhatsApp (+57) 3005338115 
E-mail: biblioteca@unisbc.edu.co | Calle 76 87-14 Robledo Palenque, Medellín, Colombia

Con tecnología Koha